| 000 | 01863nam a2200505 a 4500 | ||
|---|---|---|---|
| 003 | BLK | ||
| 005 | 20240511104051.0 | ||
| 008 | 180409b bul|||||r ||||||| ||bul|| | ||
| 010 | _aKNG00109069000 | ||
| 020 | _a954586002 | ||
| 020 | _a954-586-002-2 | ||
| 040 | _aBLK | ||
| 041 |
_aBUL _cBUL |
||
| 072 | 7 |
_2bullib _aЛ03 _xСебепознание. Мисловни техники. Психология. Парапсихология |
|
| 080 |
_aВисши психически процеси _b159.95 _z159.95 |
||
| 080 |
_aПсихопатология. Вж и 616.8 _b159.97 _z159.97 |
||
| 100 | 1 |
_aСилва, Хосе _eпърви автор _9242287 |
|
| 139 |
_aСилва, Хосе и др. _bС 36 |
||
| 245 | 1 | 0 |
_aМетодът Silva - контрол на ума _cХосе Силва; съавт. Филип Мийл. |
| 257 | _aUSA | ||
| 260 |
_aСофия _bАлиса _c1993 |
||
| 300 |
_a175 с. _bсъс сх., диагр. |
||
| 380 | _a1 | ||
| 490 | _aИзползвайте мозъка си ... пълноценно | ||
| 500 | _aБез сведение за ориг. загл. - Офс. изд. - 10 000 тир. | ||
| 650 | 4 |
_aМислене _9162353 |
|
| 650 | 4 |
_aСъзнание (психол.) _9250895 |
|
| 650 | 4 |
_aМедитация _9161599 |
|
| 650 | 4 |
_aПсихотехника _9168425 |
|
| 653 | _aмислене | ||
| 653 | _aсъзнание | ||
| 653 | _aмедитация | ||
| 653 | _aпсихотехника | ||
| 653 | _aметод Силва | ||
| 659 | _aЛ | ||
| 700 | 1 |
_aМийл, Филип _eсъавт. _995317 |
|
| 852 |
_aЦб 174729 _bЦб |
||
| 856 | 4 |
_qpdf _i0.00 _ldisable |
|
| 856 | 4 |
_qpdf _i0.00 _ldisable |
|
| 942 |
_cKNG _n0 _05 _s1 |
||
| 944 |
_aCR _c20.11.2003 _k30545 _lНора Радева |
||
| 944 |
_aED _c15.11.2011 |
||
| 999 |
_c103973 _d103973 |
||
| 999 | _d103973 | ||
| 999 | _d103973 | ||